Gaming Quiz

Random Gaming Quiz

Sonic Adventure Upgrades Quiz Stats

Quiz not verified by Sporcle

Challenge
Share
Tweet
Embed
Score 0/14 Timer 01:00
0 Plays Today
Character Upgrade % Correct
SonicLight Speed Shoes
78.3%
SonicCrystal Ring
73.9%
KnucklesShovel Claws
69.6%
SonicAncient Light
60.9%
TailsJet Anklet
60.9%
TailsRhythm Badge
60.9%
AmyWarrior Feather
60.9%
Character Upgrade % Correct
AmyLong Hammer
39.1%
E-102Jet Booster
34.8%
KnucklesPower Gloves
30.4%
BigLure Upgrade
26.1%
BigLife Belt
21.7%
E-102Laser Blaster
21.7%
BigPower Rod
13%

You're not logged in!

Compare scores with friends on all Sporcle quizzes.
Sign Up with Email
OR
Log In

You Might Also Like...

Show Comments

Extras

Top Quizzes Today


Score Distribution

Your Account Isn't Verified!

In order to create a playlist on Sporcle, you need to verify the email address you used during registration. Go to your Sporcle Settings to finish the process.

Report this User

Report this user for behavior that violates our Community Guidelines.

Details: